| 000 | 00522nam a2200157Ia 4500 | ||
|---|---|---|---|
| 008 | 170221s9999 xx 000 0 und d | ||
| 100 | _aSean Brayton | ||
| 245 | _aWhen Commodities Attack: Reading Narratives of the Great Recession and Late Capitalism in Contemporary Horror Films | ||
| 245 | _cSean Brayton | ||
| 260 | _bStudies in Media and Communication | ||
| 260 | _c2013 | ||
| 300 | _a1 : 2 | ||
| 650 | _xCommunication | ||
| 650 | _xMedia Arts | ||
| 856 | _uhttp://redfame.com/journal/index.php/smc/issue/view/6 | ||
| 999 |
_c307290 _d307290 |
||